Act Like A Lady, Think Like A Man (Record no. 344677)
[ view plain ]
| 000 -LEADER | |
|---|---|
| fixed length control field | 00528nam a2200169Ia 4500 |
| 008 - FIXED-LENGTH DATA ELEMENTS--GENERAL INFORMATION | |
| fixed length control field | 230718s9999 xx 000 0 und d |
| 020 ## - INTERNATIONAL STANDARD BOOK NUMBER | |
| International Standard Book Number | 9780062312716 |
| 041 ## - LANGUAGE CODE | |
| Language code of text/sound track or separate title | eng |
| 082 ## - DEWEY DECIMAL CLASSIFICATION NUMBER | |
| Classification number | 306.7 |
| Item number | HAR |
| 100 ## - MAIN ENTRY--PERSONAL NAME | |
| Personal name | Harvey S. |
| 9 (RLIN) | 200045 |
| 245 ## - TITLE STATEMENT | |
| Title | Act Like A Lady, Think Like A Man |
| Remainder of title | What Men Really Think About Love, Relationships, Intimacy, And Commitment |
| 260 ## - PUBLICATION, DISTRIBUTION, ETC. (IMPRINT) | |
| Date of publication, distribution, etc. | 2011 |
| Name of publisher, distributor, etc. | Harper Collins |
| 300 ## - PHYSICAL DESCRIPTION | |
| Extent | 232 |
| 365 ## - TRADE PRICE | |
| Currency code | Rs. |
| Price amount | 350.00 |
| 700 ## - ADDED ENTRY--PERSONAL NAME | |
| Personal name | Harvey S. |
| 9 (RLIN) | 200045 |
| 906 ## - LOCAL DATA ELEMENT F, LDF (RLIN) | |
| d | O:0553218-May-2017B:314113-Apr-2017 |
| c | GENRL |
| b | 77 |
| Withdrawn status | Lost status | Damaged status | Not for loan | Home library | Current library | Date acquired | Vendor | Budget Code | Cost, normal purchase price | Bill number | Total Checkouts | Full call number | Barcode | Date last seen | Date last checked out | Discount | Cost, replacement price | Bill Date | Koha item type | Original Barcode |
|---|---|---|---|---|---|---|---|---|---|---|---|---|---|---|---|---|---|---|---|---|
| Cummins College of Engineering for Women Pune | Cummins College of Engineering for Women Pune | 18/05/2017 | Technical Book Services | GENRL | 273.00 | 3141 | 5 | 306.7 | CCEP-BK-55884 | 23/09/2024 | 23/09/2024 | 77 | 350.00 | 13/04/2017 | Books | 055884 |